00655nam a22001937a 450000500170000000800410001702000150005805000230007310000200009624500900011625000110020626000320021730000210024950000510027050400390032165000290036065000330038970000390042220211021122322.0211021r2007 mx gr|||| 00| 0 spa|d a968243261804aHD3845.6bH36 19891 aHanke, Steve H.10aPrivatización y desarrollo c / Steve H. Hanke ; traducción Frank Witman Piersol. a1a ed. aMéxico :bTrillas, c1989 a239 p. ;c23 cm. aTraducción de: privatization and development aIncluye bibliografías e índice 72lembaIndustria xEstado 72lembaDesarrollo económico1 aWitman Piersol, Frank, etraductor